National textile policy (Record no. 488680)
[ view plain ]
| 000 -LEADER | |
|---|---|
| fixed length control field | 00375cam a22001217a 4500 |
| 008 - FIXED-LENGTH DATA ELEMENTS--GENERAL INFORMATION | |
| fixed length control field | 180718b-- xxu||||| |||| 00| 0 eng d |
| 082 ## - DEWEY DECIMAL CLASSIFICATION NUMBER | |
| Classification number | T212000x54 In2 |
| 245 ## - TITLE STATEMENT | |
| Title | National textile policy |
| Statement of responsibility, etc. | by Ministry of Textiles |
| 260 ## - PUBLICATION, DISTRIBUTION, ETC. | |
| Place of publication, distribution, etc. | New Delhi |
| Name of publisher, distributor, etc. | The author |
| Date of publication, distribution, etc. | -- |
| 500 ## - GENERAL NOTE | |
| General note | Library has 1985, 1989, 2000 |
| 650 ## - SUBJECT ADDED ENTRY--TOPICAL TERM | |
| Topical term or geographic name entry element | Textile industry - India |
| 700 ## - ADDED ENTRY--PERSONAL NAME | |
| Personal name | India. Ministry of Textiles |
| Withdrawn status | Lost status | Damaged status | Not for loan | Permanent Location | Current Location | Date acquired | Full call number | Barcode | Date last seen | Price effective from | Koha item type |
|---|---|---|---|---|---|---|---|---|---|---|---|
| Indian Institute of Public Administration | Indian Institute of Public Administration | 2018-08-04 | T212000x54 In2 | GG24899 | 2018-08-04 | 2018-08-04 | GG | ||||
| Indian Institute of Public Administration | Indian Institute of Public Administration | 2018-08-04 | T212000x54 In2 | GG23882 | 2018-08-04 | 2018-08-04 | GG | ||||
| Indian Institute of Public Administration | Indian Institute of Public Administration | 2018-08-04 | T212000x54 In2 | GG21041 | 2018-08-04 | 2018-08-04 | GG | ||||
| Indian Institute of Public Administration | Indian Institute of Public Administration | 2018-08-04 | T212000x54 In2 | GG20926 | 2018-08-04 | 2018-08-04 | GG | ||||
| Indian Institute of Public Administration | Indian Institute of Public Administration | 2018-08-04 | T212000x54 In2 | GG20925 | 2018-08-04 | 2018-08-04 | GG | ||||
| Indian Institute of Public Administration | Indian Institute of Public Administration | 2018-08-04 | T212000x54 In2 | GG20009 | 2018-08-04 | 2018-08-04 | GG |
